000 00809nam a2200265Ia 4500
003 OSt
005 20220926004918.0
006 a|||||r|||| 00| 0
007 ta
008 220923b |||||||| |||| 00| 0 eng d
020 _a8170365104
037 _cGeneral Book
040 _aRTL
_cRTL
_beng
041 _2eng
_aeng
082 _aY15:52310gT.49G.N9, N6/TD
100 _aBasu Alaka M
_9309474
245 0 _aGirl's schooling, women's autonomy and fertility change in South Asia
260 _a New Delhi
_bSage
_c1996
300 _a339p.
_ccm.
500 _aBibliography P 323-37
650 _aWomen Sociology
700 _a Jeffery Roger Ed.
_938411
942 _hY15:52310gT.49G.N9, N6/TD
_cGB
_2CC
999 _c612563
_d612563